The dissolution of the monasteries and other essays (Record no. 54602)
[ view plain ]
| 000 -LEADER | |
|---|---|
| campo de control de longitud fija | 00736nam a22002055i 4500 |
| 001 - NÚMERO DE CONTROL | |
| campo de control | 54602 |
| 003 - IDENTIFICADOR DE NÚMERO DE CONTROL | |
| campo de control | ES-MaACL |
| 007 - CAMPO FIJO DE DESCRIPCIÓN FÍSICA--INFORMACIÓN GENERAL | |
| campo de control de longitud fija | t| |
| 008 - DATOS DE LONGITUD FIJA--INFORMACIÓN GENERAL | |
| campo de control de longitud fija | 960723q18951900xxk ||||1| eng d |
| 040 ## - FUENTE DE CATALOGACIÓN | |
| Centro catalogador/agencia de origen | CAM |
| Lengua de catalogación | spa |
| Centro/agencia transcriptor | CAM |
| 100 1# - ENTRADA PRINCIPAL--NOMBRE DE PERSONA | |
| Nombre de persona | Froude, James Anthony. |
| 9 (RLIN) | 52757 |
| 245 14 - MENCIÓN DEL TÍTULO | |
| Título | The dissolution of the monasteries and other essays |
| Resto del título | : by James Anthony Froude. |
| 260 ## - PUBLICACIÓN, DISTRIBUCIÓN, ETC. | |
| Lugar de publicación, distribución, etc. | London : |
| Nombre del editor, distribuidor, etc. | George Routledge & sons ; |
| Lugar de publicación, distribución, etc. | New York : |
| Nombre del editor, distribuidor, etc. | E. P. Dutton & co., |
| Fecha de publicación, distribución, etc. | [1895?] ( |
| Lugar de fabricación/manufactura | Plymouth : |
| Fabricante | William Brendon and son) |
| 300 ## - DESCRIPCIÓN FÍSICA | |
| Extensión | [6], 258 p. ; |
| Dimensiones | 16 cm. |
| 490 1# - MENCIÓN DE SERIE | |
| Mención de serie | The new universal library |
| 500 ## - NOTA GENERAL | |
| Nota general | Fecha deducida del verso de la portada e índice. |
| 830 0# - PUNTO DE ACCESO ADICIONAL DE SERIE-TÍTULO UNIFORME | |
| Título uniforme | The new universal library |
| 9 (RLIN) | 187927 |
| 852 ## - LOCALIZACIÓN | |
| Ubicación | ES-MaACL |
| Número de control de estantería | G-14913 |
| Estatus retirado | Estado de pérdida | Estado de daño | No para préstamo | Colección | Biblioteca de origen | Biblioteca actual | Ubicación en estantería | Fecha de adquisición | Fuente de adquisición | Total de préstamos | Signatura topográfica completa | Código de barras | Visto por última vez | Precio de reemplazo | Tipo de ítem Koha |
|---|---|---|---|---|---|---|---|---|---|---|---|---|---|---|---|
| Libros del s. XIX | Biblioteca del Ateneo de Madrid | Biblioteca del Ateneo de Madrid | Sala Pecera Planta 3 | 17/01/2008 | G-14913 | 1057374 | 23/02/2023 | 23/02/2023 | Libro impreso antiguo |
